The student's introduction to Mathematica : (رقم التسجيلة. 22226)
[ عرض عادي ]
| 000 -الفاتح | |
|---|---|
| حقل البيانات ثابتة الطول | 01220cam a22003137a 4500 |
| 001 - رقم الضبط | |
| رقم الضبط | 15814211 |
| 003 - محدد رقم الضبط | |
| رقم الضبط | OSt |
| 005 - وقت وتاريخ اخر تعامل مع التسجيلة | |
| رقم الضبط | 20150408114024.0 |
| 008 - عناصر البيانات ثابتة الطول - معلومات عامة | |
| حقل البيانات ثابتة الطول | 090713s2009 enka 001 0 eng |
| 010 ## - رقم ضبط مكتبة الكونجرس | |
| رقم ضبط مكتبة الكونجرس | 2009288095 |
| 020 ## - الرقم الدولى المعيارى للكتب | |
| الرقم الدولى المعيارى للكتاب | 9780521717892 (pbk.) |
| 035 ## - رقم ضبط النظام | |
| رقم ضبط النظام | (OCoLC)ocn233263350 |
| 040 ## - مصدر الفهرسة | |
| وكالة الفهرسة الأصلية | UKM |
| وكالة النسخ | UKM |
| وكالة التعديل | BTCTA |
| -- | BAKER |
| -- | YDXCP |
| -- | BWKUK |
| -- | BWK |
| -- | CDX |
| -- | BWX |
| -- | TTS |
| -- | TFW |
| -- | EUM |
| -- | DLC |
| 042 ## - رمز التحقق | |
| رمز التحقق | ukblcatcopy |
| -- | lccopycat |
| 050 00 - رقم طلب مكتبة الكونجرس | |
| رقم التصنيف | QA76.95 |
| رقم المادة | .T67 2009 |
| 082 04 - رقم تصنيف ديوى العشرى | |
| رقم التصنيف | 510.285536 |
| رقم الطبعة | 22 |
| 100 1# - المدخل الرئيسى - إسم شخصى | |
| الإسم الشخصى | Torrence, Bruce F. |
| الشكل الأكمل للاسم | (Bruce Follett), |
| التواريخ المصاحبة للاسم | 1963- |
| 9 (RLIN) | 12091 |
| 245 14 - بيان العنوان | |
| العنوان | The student's introduction to Mathematica : |
| بقية العنوان | a handbook for precalculus, calculus, and linear algebra / |
| بيان المسئوليه,etc | Bruce Torrence and Eve Torrence. |
| 250 ## - بيان الطبعة | |
| بيان الطبعة | 2nd ed. |
| 260 ## - PUBLICATION, DISTRIBUTION, ETC. (IMPRINT) | |
| مكان الناشر او الموزع | Cambridge ; |
| -- | New York : |
| اسم الناشر او الموزع | Cambridge University Press, |
| تاريخ النشر أو التوزيع | c2009. |
| 300 ## - الوصف المادى | |
| التعداد | xi, 471 p. : |
| تفاصيل ماديه اخرى للوعاء | ill. ; |
| أبعاد الوعاء | 25 cm. |
| 500 ## - تبصرة عامة | |
| تبصرة عامة | Previous ed.: 1999. |
| 500 ## - تبصرة عامة | |
| تبصرة عامة | Includes index. |
| 630 00 - المدخل الاضافى بالموضوع - عنوان موحد | |
| عنوان موحد | Mathematica (Computer file) |
| 9 (RLIN) | 12092 |
| 650 #0 - المدخل الاضافى بالموضوع-مصطلح موضوعى | |
| مصطلح موضوعي أو اسم جغرافي كعنصر مدخل | Mathematics |
| التقسيم الفرعي العام | Data processing. |
| 700 1# - المدخل الاضافى - اسم شخصى | |
| الإسم الشخصى | Torrence, Eve A. |
| الشكل الأكمل للاسم | (Eve Alexandra), |
| التواريخ المصاحبة للاسم | 1963- |
| 9 (RLIN) | 12093 |
| 942 ## - عناصر المدخل الإضافي( كوها) | |
| مصدر التصنيف او مخطط الترفيف | Dewey Decimal Classification |
| Koha [default] item type | كتاب |
| حالة الفقد | نموذج السعر الفعال | حالة تلف | ليس للاعارة | رقم الطلب | تاريخ الاكتساب | الموقع الحالي | الباركود | الفرع الرئيسي | Date last seen | نوع المادة فى نظام كوها | مصدر التصنيف او خطة الترفيف | Total Checkouts | Date last checked out |
|---|---|---|---|---|---|---|---|---|---|---|---|---|---|
| 2013-03-10 | 510.285536 T B S | 2012-04-28 | المكتبة المركزية بالمجمعة (CL) | 00085938 | المكتبة المركزية بالمجمعة (CL) | 2013-03-10 | كتاب | Dewey Decimal Classification | |||||
| 2013-03-10 | 510.285536 T B S | 2012-04-28 | المكتبة المركزية بالمجمعة (CL) | 00085939 | المكتبة المركزية بالمجمعة (CL) | 2013-03-10 | كتاب | Dewey Decimal Classification | |||||
| 2013-03-10 | 510.285536 T B S | 2012-05-31 | قسم الاجراءات الفنية (IC) | 00087334 | قسم الاجراءات الفنية (IC) | 2013-03-10 | كتاب | Dewey Decimal Classification | |||||
| 2013-03-10 | 510.285536 T B S | 2012-05-31 | قسم الاجراءات الفنية (IC) | 00087335 | قسم الاجراءات الفنية (IC) | 2013-03-10 | كتاب | Dewey Decimal Classification | |||||
| 2013-03-10 | 510.285536 T B S | 2012-05-31 | كلية الشريعة والقانون - طلاب | 9780521717892 | كلية الشريعة والقانون - طلاب | 2013-03-10 | كتاب | Dewey Decimal Classification | |||||
| 2013-03-10 | 510.285536 T B S | 2012-06-03 | مكتبة كلية التربية بالزلفى - طالبات (EZF) | 00088082 | مكتبة كلية التربية بالزلفى - طالبات (EZF) | 2013-03-10 | كتاب | Dewey Decimal Classification | |||||
| 2013-03-10 | 510.285536 T B S | 2012-06-03 | مكتبة كلية التربية بالزلفى - طالبات (EZF) | 00088081 | مكتبة كلية التربية بالزلفى - طالبات (EZF) | 2017-05-07 | كتاب | Dewey Decimal Classification | 1 | 2017-02-28 | |||
| 2013-03-10 | 510.285536 T B S | 2012-05-20 | مكتبة مجمع الطالبات بالمجمعة (EMF) | 00086551 | مكتبة مجمع الطالبات بالمجمعة (EMF) | 2013-03-10 | كتاب | Dewey Decimal Classification | |||||
| 2013-03-10 | 510.285536 T B S | 2012-05-20 | مكتبة مجمع الطالبات بالمجمعة (EMF) | 00086552 | مكتبة مجمع الطالبات بالمجمعة (EMF) | 2013-03-10 | كتاب | Dewey Decimal Classification | |||||
| 2013-03-10 | 510.285536 T B S | 2012-06-01 | مكتبة مجمع الكليات بالزلفى - طلاب (SZM) | 00086783 | مكتبة مجمع الكليات بالزلفى - طلاب (SZM) | 2013-03-10 | كتاب | Dewey Decimal Classification | |||||
| 2013-03-10 | 510.285536 T B S | 2012-06-01 | مكتبة مجمع الكليات بالزلفى - طلاب (SZM) | 00086784 | مكتبة مجمع الكليات بالزلفى - طلاب (SZM) | 2013-03-10 | كتاب | Dewey Decimal Classification |
